Constitucions, partits i autonomies : 1808-1978 : la dinàmica del constitucionalisme espanyol / Jordi Xifra ; pròleg de Jaume Miravitlles 1808-1978 :
ISBN:
84-7162-848-1
Descripción Física:
VII, 289 p. ; 22 cm
Otros Autores:
Miravitlles, Jaume, pr
MARC
| LEADER | 00000nam a2200000Ia 4500 | ||
|---|---|---|---|
| 001 | 13789 | ||
| 008 | 160829s9999 xx 000 0 cat d | ||
| 020 | |a 84-7162-848-1 | ||
| 080 | |a H-2-133 | ||
| 100 | 1 | |a Xifra Heras, Jorge, |d 1926-1990 |9 22480 | |
| 245 | |a Constitucions, partits i autonomies : |b 1808-1978 : |b la dinàmica del constitucionalisme espanyol / Jordi Xifra ; pròleg de Jaume Miravitlles | ||
| 260 | |a Barcelona : |b Bosch, DL 1981 | ||
| 300 | |a VII, 289 p. ; |c 22 cm | ||
| 590 | |a Índex. | ||
| 590 | |a Bibliografia | ||
| 650 | |a Espanya |x Història constitucional |x 1808/1978 |9 22481 | ||
| 650 | |a Espanya |x Política i govern |x 1808/1978 |9 22482 | ||
| 650 | |a Partits polítics |x Espanya |x Història |x 1808/1978 |9 22483 | ||
| 700 | |a Miravitlles, Jaume, pr. |9 22484 | ||
| 901 | |a Arxiu | ||
| 942 | |n 1 | ||
| 952 | |0 0 |1 0 |4 0 |6 H2133 |7 1 |9 42236 |a Arxiu |b Arxiu |d 2016-12-01 |l 0 |o H-2-133 |p 13789 |r 2016-12-01 00:00:00 |w 2016-12-01 |y ARXIU | ||
| 999 | |c 44683 |d 44683 | ||